NBA Starters 2018 - Statistics

General Stats
  • This quiz has been taken 393 times
  • The average score is 80 of 150
Answer Stats
Team Position Player % Correct
76ers C Joel Embiid
95%
76ers PG Ben Simmons
91%
Magic SF Jonathon Simmons
89%
Bucks PF Giannis Antetokounmpo
88%
Cavaliers SF LeBron James
87%
Celtics PG Kyrie Irving
84%
Spurs SG Danny Green
83%
Warriors PF Draymond Green
83%
Grizzlies PF JaMychal Green
83%
Timberwolves SG Jimmy Butler
83%
Warriors SG Klay Thompson
83%
Suns SG Devin Booker
82%
Thunder PG Russell Westbrook
82%
Hornets PG Kemba Walker
81%
Rockets PG Chris Paul
80%
Cavaliers C Kevin Love
80%
Bucks SF Khris Middleton
80%
Thunder SF Paul George
80%
Cavaliers SG JR Smith
79%
Bulls C Robin Lopez
79%
Warriors PG Stephen Curry
79%
Celtics C Al Horford
78%
Pelicans PF Anthony Davis
78%
Mavericks PG Dennis Smith Jr.
78%
Pistons PG Ish Smith
78%
Celtics SG Jaylen Brown
78%
Celtics SF Jayson Tatum
78%
Grizzlies C Marc Gasol
78%
Nuggets PF Nikola Jokic
78%
Spurs C Pau Gasol
78%
Clippers PF Blake Griffin
77%
Timberwolves C Karl-Anthony Towns
77%
Pelicans C DeMarcus Cousins
76%
Nuggets SG Gary Harris
76%
Spurs SF Kawhi Leonard
76%
Warriors SF Kevin Durant
76%
Raptors PG Kyle Lowry
76%
Pistons PF Tobias Harris
76%
Raptors SG DeMar DeRozan
73%
Jazz SG Donovan Mitchell
73%
Bucks PG Eric Bledsoe
73%
Heat C Hassan Whiteside
73%
Wizards PG John Wall
73%
Wizards SG Bradley Beal
71%
Heat PG Goran Dragic
71%
Nuggets PG Jamal Murray
71%
Pelicans SG Jrue Holiday
71%
Bulls SG Justin Holiday
71%
Spurs PF LaMarcus Aldridge
71%
Thunder C Steven Adams
71%
Spurs PG Tony Parker
71%
76ers SG JJ Redick
70%
Clippers C DeAndre Jordan
69%
Thunder PF Carmelo Anthony
68%
Timberwolves SF Andrew Wiggins
67%
Trail Blazers SG CJ McCollum
67%
Clippers SG C.J. Williams
67%
Hornets PF Marvin Williams
67%
Rockets C Clint Capela
66%
Hornets C Dwight Howard
66%
Knicks PF Kristaps Porzingis
65%
Jazz PG Ricky Rubio
64%
Mavericks C Dirk Nowitzki
63%
Magic PF Aaron Gordon
62%
Rockets SG Eric Gordon
62%
Knicks SF Lance Thomas
62%
Kings PG De'Aaron Fox
61%
Trail Blazers SF Evan Turner
60%
Pacers C Myles Turner
60%
Heat SG Tyler Johnson
60%
Clippers SF Wesley Johnson
60%
Lakers SF Brandon Ingram
59%
Raptors C Jonas Valanciunas
59%
Pacers PF Thaddeus Young
59%
Trail Blazers C Jusuf Nurkic
57%
76ers SF Robert Covington
57%
Knicks PG Jarrett Jack
56%
Celtics PF Marcus Morris
56%
Wizards PF Markieff Morris
56%
Raptors PF Serge Ibaka
55%
Warriors C Zaza Pachulia
55%
76ers PF Dario Saric
54%
Pelicans PG Rajon Rondo
54%
Wizards SF Otto Porter Jr.
53%
Kings SG George Hill
52%
Lakers C Julius Randle
52%
Wizards C Marcin Gortat
52%
Lakers PF Kyle Kuzma
50%
Bulls PF Lauri Markkanen
50%
Hornets SG Nicolas Batum
49%
Jazz SF Joe Ingles
48%
Hawks PG Dennis Schroder
47%
Rockets SF Trevor Ariza
47%
Mavericks SF Harrison Barnes
46%
Pacers SF Bojan Bogdanovic
45%
Heat SF Josh Richardson
45%
Suns C Tyson Chandler
45%
Nuggets SF Wilson Chandler
45%
Jazz C Derrick Favors
44%
Timberwolves PF Taj Gibson
44%
Cavaliers PF Jae Crowder
43%
Bulls PG Kris Dunn
43%
Knicks C Enes Kanter
40%
Nets PG Spencer Dinwiddie
40%
Kings C Zach Randolph
40%
Rockets PF Ryan Anderson
37%
Pacers PG Darren Collison
36%
Magic SG Evan Fournier
36%
Magic PG Elfrid Payton
35%
Nets PF Rondae Hollis-Jefferson
35%
Pistons SG Avery Bradley
33%
Nets SF DeMarre Carroll
32%
Mavericks SG Wesley Matthews
32%
Nets C Tyler Zeller
31%
Timberwolves PG Tyus Jones
31%
Trail Blazers PF Al-Farouq Aminu
30%
Bucks C John Henson
30%
Nuggets C Mason Plumlee
30%
Hawks C Miles Plumlee
30%
Knicks SG Courtney Lee
29%
Hawks SG Kent Bazemore
29%
Hornets SF Michael Kidd-Gilchrist
28%
Suns SF TJ Warren
28%
Bucks SG Tony Snell
28%
Heat PF Kelly Olynyk
26%
Hawks SF Taurean Prince
26%
Cavaliers PG Jose Calderon
25%
Pelicans SF E'Twaun Moore
24%
Lakers SG Josh Hart
23%
Raptors SF OG Anunoby
22%
Grizzlies PG Tyreke Evans
21%
Bulls SF Denzel Valentine
20%
Grizzlies SF Dillon Brooks
20%
Suns PF Marquese Chriss
19%
Nets SG Allen Crabbe
18%
Pacers SG Lance Stephenson
18%
Clippers PG Milos Teodosic
18%
Magic C Bismack Biyombo
17%
Thunder SG Terrance Ferguson
17%
Hawks PF Ersan Ilyasova
16%
Suns PG Tyler Ulis
16%
Grizzlies SG Andrew Harrison
12%
Pistons SF Reggie Bullock
11%
Trail Blazers PG Shabazz Napier
11%
Kings PF Skal Labissiere
10%
Pistons C Boban Marjanovic
9%
Mavericks PF Maxi Kleber
8%
Lakers PG Tyler Ennis
8%
Kings SF Garrett Temple
5%
Jazz PF Jonas Jerebko
4%
No matching quizzes found
Score Distribution
Percent of People with Each Score
Percentile by Number Answered
Your Score History
You have not taken this quiz